Caracteristicas y propiedades de compactacion de suelos de origen volcanico aplicado a Diseno de carreteras

Gardado en:
Detalles Bibliográficos
Autor Principal: Selva Salazar, Jorge A
Formato: Tesis Libro
Idioma:Undetermined
Publicado: 1985
Materias:
Etiquetas: Engadir etiqueta
Sen Etiquetas, Sexa o primeiro en etiquetar este rexistro!

MARC

LEADER 00000nam a2200000Ia 4500
001 2940
008 140114s9999 xx 000 0 und d
100 |a Selva Salazar, Jorge A 
245 |a Caracteristicas y propiedades de compactacion de suelos de origen volcanico aplicado a Diseno de carreteras 
260 |c 1985 
500 |a NULL 
502 |a Escuela de ingenieria Civil 
650 |z COMPACTACION DE SUELOS 
999 |c 11658  |d 11658